Catalog

Record Details

Catalog Search



The Bible and counseling  Cover Image Book Book

The Bible and counseling / Roger Hurding

Hurding, Roger (Author).

Record details

  • ISBN: 0-340-51742-5
  • Physical Description: 228 p.
  • Edition: 1st ed.
  • Publisher: London Hodder and Stoughton 1992

Available copies

  • 1 of 1 copy available at Common Catalog SPOK.

Holds

  • 0 current holds with 1 total copy.
Show Only Available Copies
Location Call Number / Copy Notes Barcode Shelving Location Status Due Date
ETS Library 253.5 424470007956 Volný výběr Available -

LDR 00639nam a2 00253
00142243
003CZ-PrJAB
00520040303000000.0
008001006s1992 xxk e |||| |eng
009gb
020 . ‡a0-340-51742-5
035 . ‡a(CONS)706
035 . ‡aKPS7375
040 . ‡aABG450
041 . ‡aeng
08214. ‡a253.5
100 . ‡71176 ‡aHurding, Roger
245 . ‡aThe Bible and counseling / ‡cRoger Hurding
250 . ‡a1st ed.
260 . ‡aLondon ‡bHodder and Stoughton ‡c1992
300 . ‡a228 p.
653 . ‡aThe Bible and counseling
8524 . ‡bETS ‡bETS ‡cVolný výběr ‡j253.5 ‡gA ‡p424470007956
910 . ‡aABG450
999 . ‡a706 ‡bAUTOGEN ‡c706 ‡tbiblio
905 . ‡uadmin
901 . ‡a42243 ‡b ‡c42243 ‡tbiblio ‡sets

Additional Resources